000 00211nam a22000857a 4500
008 170208b xxu||||| |||| 00| 0 eng d
100 _92805
_aGilwell L.B.P
245 _aScuting for Boys
260 _aNew Delhi
_bBS
_c2009
999 _c6020
_d6020